000 00561cam a22002291 4500
001 sa 68010739
003 DLC
005 20260227112554.0
008 950303s1965 ii 000 0 beno
010 _asa 68010739
025 _aPL480:EP-B-1621
035 _a(OCoLC)32083999
040 _aDLC
_cCU
_dCU
_dDLC
042 _apremarc
050 0 0 _aHX550.I8
_bR3
100 1 _aRahim, Mohammad Abdur,
_d1926-
245 1 0 _aSamajatantra o Isalama.
260 _c[1965]
300 _a61 p.
_c19 cm.
500 _aIn Bengali.
650 0 _aSocialism and Islam.
999 _c83502
_d83502